000 00584nam a2200205Ia 4500
005 20250508162436.0
008 008 250505s9999 xx 000 0 eng d
037 _aTextual
040 _aFEDL
_beng
_cFEDL
041 _aeng
_2eng
084 _a371.394, NAG
_qFEDL
100 _aNagar P S
_9772251
245 0 _aCurricular achievement and automated teaching
260 _aVaranasi, India
_bBharatiya Vidya Prakashan
_c1973
300 _a163p.
365 _aINR
_b30
650 _aTeaching technique
942 _cTEXL
_h371.394, NAG
999 _c1376561
_d1376561